000 00527nam a2200181Ia 4500
005 20250508161634.0
008 008 250505s9999 xx 000 0 eng d
037 _aTextual
040 _aFEDL
_beng
_cFEDL
041 _aeng
_2eng
084 _a353.03, HIR
_qFEDL
100 _aHirschfield Robert S.
_9771144
245 0 _aPower of the presidency : Concepts and controversy
260 _aNew York, USA
_bAtherton Press
_c1968
300 _ax,328p.
942 _cTEXL
_h353.03, HIR
999 _c1371272
_d1371272